| 000 | 00405pab a2200157 454500 | ||
|---|---|---|---|
| 008 | 180718b2010 xxu||||| |||| 00| 0 eng d | ||
| 100 | _aDorn, Richard A. van et al | ||
| 245 | _aPsychiatric advance directives and social workers: an integrative review | ||
| 260 | _c2010 | ||
| 300 | _ap.157-67. | ||
| 362 | _aApr | ||
| 650 | _aSocial workers | ||
| 773 | _aSocial Work | ||
| 908 | _aN | ||
| 909 | _a86548 | ||
| 999 |
_c86548 _d86548 |
||